| 000 | 00472nam a22001817a 4500 | ||
|---|---|---|---|
| 999 |
_c16420 _d16420 |
||
| 020 | _a8120346823 | ||
| 022 | _a978-8120346826 | ||
| 082 | _a692.5SPE | ||
| 100 | _aSpeyer, J.L | ||
| 245 | _aStochastic Processes, Estimation and Control | ||
| 260 |
_aNew Delhi: _bPHI Learning, _c2013. |
||
| 300 | _a383p. ; | ||
| 650 | _aStochastic processes | ||
| 650 | _aControl theory | ||
| 650 | _aEstimation theory | ||
| 700 | _aSpeyer, Jason Lee -Chung, Walter H | ||
| 942 | _cBK | ||